000 01766cam a22004574i 4500
003 PE-LiUPU
005 20250731173059.0
008 150623s r 000 0 d
020 _a0800628438
035 _a(Sirsi) i9780800628437
040 _aPE-LiUPU
_bspa
_cPE-LiUPU
_erda
049 _aPRUA
082 0 4 _a231.1
_bG39
_221
100 1 _aGerstenberger, Erhard S.,
_eautor.
245 1 0 _aYahweh the patriarch :
_bAncient images of God and feminist theology /
_cErhard S. Gerstenberg.
264 1 _aMinneapolis, MN :
_bFortress Press,
_c1996.
300 _a168 páginas ;
_c21 centímetros
336 _atext
_2rdacontent
337 _aunmediated
_2rdamedia
338 _avolume
_2rdacarrier
504 _aIncluye bibliografía.
505 0 _aYahweh, the father. -Ishtar, the queen of heaven. -Yahweh and his Asherah. -Yahweh, the tribal warrior. -Women and the domestic cult. -The God of the fathers. -The patriarcal God. -Sexual roles and the image of God. -Women and the church. -The liberating God. -Biblical exegesis and biblical theology in the light of feminist critique.
526 _aSEG42
526 _aSEG41
526 _aSEG40
526 _aSEG39
526 _aP94
526 _aP87
526 _aP86
526 _aP85
526 _aP77
526 _aP76
526 _aP35
650 0 4 _aDios
_xNaturaleza.
942 _2ddc
_cBOOK
949 _a231.1 G39
_wDEWEY
_c1
_i48807
_lCCODEBUL1
_mBUL
_r0
_sY
_tBOOK
_u2015-6-24
_xTEOLOGIA
_PP35
_0COMPRA
_o.STAFF. Colección General
994 _aC0
_bPEPRU
596 _a1
999 _a231.1 G39
_wDEWEY
_c27966
_i48807
_f2021-11-9
_g6
_lCCODEBUL1
_mBUL
_r0
_sY
_tBOOK
_u2015-6-24
_xTEOLOGIA
_PP35
_0COMPRA
_o.STAFF. Colección General
_d27966
980 _81
_gALBERTO SANCHEZ Responsable de Automatización